Statistics for Unknown Song Lyric # 1

Click here to take the quiz!

General Stats

  • This quiz has been taken 71 times
  • The average score is 41 of 121

Answer Stats

Answer% Correct
a
93%
the
92%
you
92%
is
68%
to
66%
who
66%
in
64%
when
64%
your
63%
on
58%
how
54%
see
54%
See
54%
they
49%
at
46%
that
46%
run
41%
was
41%
like
39%
Did
34%
think
32%
baby
29%
make
29%
has
25%
his
24%
meet
24%
come
22%
night
22%
feet
19%
Lady
19%
Lady
19%
Madonna
19%
head
17%
manage
17%
money
17%
wonder
17%
breast
15%
child
15%
children
15%
rest
15%
ends
14%
feed
14%
heaven
14%
never
14%
pay
14%
sent
14%
didn't
12%
Friday
12%
rent
12%
morning
10%
needed
10%
without
10%
finds
8%
mending
8%
stockings
8%
Sunday
8%
tie
8%
Wednesday
8%
wonders
8%
bootlace
7%
listen
7%
Monday's
7%
nun
7%
playing
7%
suitcase
7%
Thursday
7%
Tuesday
7%
arrives
5%
bed
5%
creeping
5%
learnt
5%
music
5%
papers
5%
afternoon
3%
ending
3%
lying
2%

Score Distribution

Percentile by Number Answered

Percent of People with Each Score

Your Score History

You have not taken this quiz